Oceňovanie zásob s dôrazom na špecifiká oceňovania zásob ku dňu, ku ktorému sa zostavuje účtovná závierka bakalárska práca

Enregistré dans:
Détails bibliographiques
Auteur principal: Lukáčová, Miroslava
Collectivité auteur: Fakulta hospodárskej informatiky EU. Katedra účtovníctva a audítorstva
Autres auteurs: Srnišová, Petra, 1981-
Format: Livre
Langue:slovaque
Publié: Bratislava 2018
Tags: Ajouter un tag
Pas de tags, Soyez le premier à ajouter un tag!

MARC

LEADER 00000nbm a2200000 4500
001 0245272
005 20181106083609.0
041 0 |a slo 
044 |a SK 
245 1 0 |a Oceňovanie zásob s dôrazom na špecifiká oceňovania zásob ku dňu, ku ktorému sa zostavuje účtovná závierka  |b bakalárska práca  |c Miroslava Lukáčová ; školiteľ: Petra Srnišová 
264 1 |a Bratislava  |c 2018 
300 |a 39 s. 
100 1 |a Lukáčová, Miroslava 
700 1 |a Srnišová, Petra, 1981- 
710 2 |a Fakulta hospodárskej informatiky EU. Katedra účtovníctva a audítorstva